000 01136nac a22003131i 4500
003 EG-ScBUE
005 20250806092028.0
008 250720s2006 enka f bd 001 0 eng d
020 _a0199264635
020 _a9780199264636 (alk. paper)
040 _aEG-ScBUE
_beng
_erda
_cEG-ScBUE
_dEG-ScBUE
082 0 4 _a546
_bSHR
_222
245 0 0 _aShriver & Atkins' inorganic chemistry /
_cPeter Atkins [and four others]
246 3 _aShriver and Atkin's inorganic chemistry
246 3 0 _aInorganic chemistry
250 _aFourth edition.
264 1 _aOxford :
_bOxford University Press,
_c2006.
300 _axxi, 822 pages :
_bcolor illustrations ;
_c28 cm
336 _2rdacontent
_atext
_btxt
337 _aunmediated
_2rdamedia
_bn
338 _avolume
_bnc
_2rdacarrier
500 _aPreviously published as: Inorganic chemistry / D.F. Shriver, P.W. Atkins. 3rd ed. 1999.
500 _aIncludes glossary.
504 _aIncludes bibliographical references and index.
650 7 _aChemistry, Inorganic.
_2BUEsh
655 _vReading book
700 1 _aAtkins, P. W.
_q(Peter William),
_d1940-
_eauthor.
942 _cBB
_k546 SHR
_2ddc
999 _c2161
_d2161